00154nam a22000857a 4500082001300000100001200013245002200025260001200047300000900059 a297.3SAY aSayeed  aIslamic Modernism akarachi a134p